000 00547nam a2200217Ia 4500
003 OSt
005 20220928145437.0
006 a|||||r|||| 00| 0
007 ta
008 220927b |||||||| |||| 00| 0 eng d
024 _a80609
037 _cTextual
040 _aSDCL
_cSDCL
_beng
041 _2eng
_aeng
082 _aV3y7L92, L7
100 _aClair william St
_9512977
245 0 _aTrelawny
_b The incurable romancer
260 _c1977
942 _hV3y7L92, L7
_cTEXL
_2CC
999 _c833628
_d833628